The best of Saki /

Hlavní autor: Saki, 1870-1916
Jazyk: Angličtina
Vydáno: Harmondsworth : Penguin Books, 1994
Edice: Penguin popular classics
Fyzický popis: 179 s.
Knihy
Uloženo v:
LEADER 00766nam a2200241 4500
001 000989669
003 CZ BrMZK
005 20180918124240.0
007 ta
008 010825s1994 xxk f 000 0 eng d
020 |a 0140621342  |q (brož.) 
040 |a BOA001  |b cze 
080 9 |a 821.111 
100 0 |a Saki,  |d 1870-1916  |7 jn19981002108  |4 aut 
245 1 4 |a The best of Saki /  |c Saki 
260 |a Harmondsworth :  |b Penguin Books,  |c 1994 
300 |a 179 s. 
490 1 |a Penguin popular classics 
830 0 |a Penguin popular classics 
910 |a BOA001  |b AK-0001.000 
990 |a BK 
991 |b 200908  |y British Council Brno - Czech Republic  |z 000038231  |x 99 
996 7 |b R08077J0391  |c AK-0001.000  |l Anglická knihovna/2.patro  |r ZHR  |n 18  |h FT-sak  |w 000989669  |u 000010  |a 0  |e BOA001  |j MZK50  |s A